000 00691nam a2200289Ia 4500
005 20260324144118.0
008 008 260324s9999 xx 000 0 eng d
020 _a9781003053545
037 _aEBOOK
040 _aCRL
040 _beng
040 _cCRL
041 _2eng
041 _aeng
084 _qCRL
100 _aRichard P. Brief
245 4 _aThe Book-Keeper and American Counting-Room Volume 3
245 0 _bJuly, 1883–December, 1883
260 _bTaylor and Francis
260 _c1989
365 _a
365 _b220
856 _uhttp://www.taylorfrancis.com/books/9781003053545
942 _cEBOOK
999 _c1824328
_d1824328